[Event "Dyfed Major"]
[Site "Fishguard"]
[Date "2017.02.26"]
[Round "4"]
[White "Hammett, Scott"]
[Black "O'Brien, Sam"]
[Result "0-1"]
[WhiteElo "1443"]
[BlackElo "1500"]
[PlyCount "98"]
[EventDate "2017.02.24"]
[EventCountry "WLS"]

1. d4 d5 2. e3 Bf5 3. f4 Nf6 4. Nd2 e6 5. c3 c5 6. Ngf3 Nc6 7. Be2 Rc8 8. O-O
cxd4 9. exd4 Be7 10. Ne5 Ne4 11. Nxe4 Bxe4 12. Bf3 Bxf3 13. Qxf3 O-O 14. Qh3
Nxe5 15. fxe5 b5 16. Rf3 b4 17. Rb1 Qb6 18. Bd2 bxc3 19. Rxc3 Qxd4+ 20. Qe3
Qxe3+ 21. Bxe3 Bb4 22. Rcc1 a6 23. a3 Ba5 24. b4 Bc7 25. Bd4 f6 26. Rc6 Bxe5
27. Rxc8 Bxd4+ 28. Kf1 Rxc8 29. b5 Rb8 30. a4 a5 31. Ke2 Bb6 32. Rc1 Kf7 33.
Rc6 e5 34. g4 Kg6 35. h4 h5 36. g5 Kf5 37. Kf3 fxg5 38. hxg5 Kxg5 39. Rc1 Rf8+
40. Ke2 Rf6 41. Rc3 Kg4 42. Rc8 Bd4 43. Rd8 g5 44. Rxd5 Rf2+ 45. Ke1 Ra2 46. b6
Bxb6 47. Rxe5 Rxa4 48. Re2 Kf3 49. Re8 Re4+ 0-1

[Event "Dyfed Major"]
[Site "Fishguard"]
[Date "2017.02.26"]
[Round "4"]
[White "Williams, Allan"]
[Black "Evans, Gwyn"]
[Result "1/2-1/2"]
[WhiteElo "1200"]
[BlackElo "1436"]
[PlyCount "139"]
[EventDate "2017.02.24"]
[EventCountry "WLS"]

1. d4 d5 2. e3 e6 3. c4 c6 4. Bd3 f5 5. Nf3 Nf6 6. O-O Bd6 7. Qa4 O-O 8. Nc3
Bd7 9. Qb3 Qc7 10. c5 Be7 11. Ne5 Be8 12. Ne2 Nh5 13. f3 Nd7 14. Qc2 Nxe5 15.
dxe5 Qxe5 16. Nd4 Bg6 17. f4 Qf6 18. b4 Rac8 19. Bb2 Qf7 20. Nf3 h6 21. Ne5 Qe8
22. Bd4 Nf6 23. Qb2 Ne4 24. Rac1 Bh7 25. b5 Bf6 26. bxc6 Bxe5 27. Bxe5 bxc6 28.
Bxg7 Rf7 29. Bxh6 Qe7 30. Qd4 Qh4 31. Bxe4 Qxh6 32. Bc2 Rg7 33. Rf3 Qh5 34. Bd1
Qg6 35. Rg3 Qf7 36. Rxg7+ Qxg7 37. Qxg7+ Kxg7 38. Rb1 Rc7 39. Rb8 Bg6 40. Bb3
Kf6 41. Kf2 e5 42. fxe5+ Kxe5 43. Rg8 Bf7 44. Rg7 Kf6 45. Rg3 Rb7 46. Rf3 Be6
47. g4 Kg5 48. gxf5 Bxf5 49. Rf4 Rb5 50. h4+ Kh5 51. Rxf5+ Kxh4 52. Kf3 Rxc5
53. Rf4+ Kh5 54. Ke2 Kg5 55. Kd3 Rb5 56. Rd4 Kf5 57. e4+ dxe4+ 58. Rxe4 a5 59.
Ra4 Ke5 60. Rh4 Rb4 61. Rh5+ Kd6 62. Rxa5 Rb5 63. Ra6 Kc5 64. Ba4 Rb6 65. Rxb6
Kxb6 66. Kc4 c5 67. Be8 Ka5 68. Kxc5 Ka6 69. a4 Ka5 70. Bb5 1/2-1/2

[Event "Dyfed Major"]
[Site "Fishguard"]
[Date "2017.02.26"]
[Round "4"]
[White "Neave, Guto"]
[Black "Watkins, Peter"]
[Result "1-0"]
[WhiteElo "1515"]
[BlackElo "1390"]
[PlyCount "39"]
[EventDate "2017.02.24"]
[EventCountry "WLS"]

1. e4 e5 2. Nf3 Nc6 3. Bc4 Nf6 4. Ng5 d5 5. exd5 Na5 6. Bb5+ c6 7. dxc6 bxc6 8.
Be2 h6 9. Nf3 e4 10. Ne5 Bd6 11. d4 exd3 12. Nxd3 Qc7 13. h3 Be6 14. Nc3 O-O
15. b3 Rfe8 16. Be3 Rad8 17. Qc1 c5 18. Nb5 Qb8 19. Nxd6 Rxd6 20. Bf4 1-0

[Event "Dyfed Major"]
[Site "Fishguard"]
[Date "2017.02.26"]
[Round "4"]
[White "O'Rourke, Kevin"]
[Black "Chong, Kimberly"]
[Result "1-0"]
[WhiteElo "1107"]
[BlackElo "1441"]
[PlyCount "73"]
[EventDate "2017.02.24"]
[EventCountry "WLS"]

1. e4 e5 2. Nf3 Nc6 3. Nc3 Nf6 4. a3 Be7 5. d4 exd4 6. Nxd4 h6 7. Nf5 O-O 8.
Bd3 d5 9. Nxe7+ Qxe7 10. f3 Ne5 11. O-O dxe4 12. Bxe4 Nxe4 13. Nxe4 Bf5 14. Ng3
Qc5+ 15. Rf2 Rad8 16. Qe1 Rfe8 17. Be3 Nxf3+ 18. Rxf3 Bg4 19. Bxc5 Rxe1+ 20.
Rxe1 Bxf3 21. gxf3 Rd2 22. Re2 Rd5 23. Bb4 h5 24. Nf1 h4 25. Ne3 Re5 26. f4 Re4
27. Bc3 Rxf4 28. Rg2 f6 29. Rg4 Rf3 30. Ng2 h3 31. Ne1 Re3 32. Rg3 Rxg3+ 33.
hxg3 f5 34. Kh2 Kf7 35. g4 Ke6 36. gxf5+ Kxf5 37. Bd2 1-0

[Event "Dyfed Major"]
[Site "Fishguard"]
[Date "2017.02.26"]
[Round "4"]
[White "Bevan, Paul"]
[Black "Osinga, Awne"]
[Result "1/2-1/2"]
[WhiteElo "1251"]
[BlackElo "1386"]
[PlyCount "151"]
[EventDate "2017.02.24"]
[EventCountry "WLS"]

1. d4 d5 2. e3 Nf6 3. Bd3 g6 4. f4 Ne4 5. Nd2 f5 6. Ngf3 Nc6 7. c3 e6 8. Bb5
Bd7 9. Bd3 Bg7 10. h4 Qe7 11. Bxe4 dxe4 12. Ne5 Nxe5 13. dxe5 O-O-O 14. h5 Bb5
15. h6 Bf8 16. Qb3 Qd7 17. c4 Ba4 18. Qc3 Qd3 19. Qxd3 Rxd3 20. b3 Bc6 21. Kf2
Bc5 22. Nf1 Rhd8 23. Rh3 Bb4 24. Bb2 Bc3 25. Bxc3 Rxc3 26. Kg1 b5 27. cxb5 Bxb5
28. Nh2 Be2 29. Kf2 Rc2 30. Ke1 Rdd2 31. Rg3 Bh5 32. Kf1 Rxa2 33. Rb1 Rab2 34.
Ra1 Rxb3 35. Kg1 Kb7 36. Nf1 Rdb2 37. Kh2 Rb1 38. Nd2 Rxa1 39. Nxb3 Rb1 40.
Nc5+ Kc8 41. Nxe6 a5 42. Nf8 Kd8 43. Nxh7 Ke7 44. Nf6 Kf7 45. Nxh5 Rb8 46. Nf6
a4 47. Nd7 Rd8 48. Nc5 a3 49. e6+ Kf6 50. Nb3 a2 51. e7 Re8 52. h7 Rh8 53. Rh3
Kxe7 54. Kg1 c5 55. Kf1 c4 56. Na1 Kf7 57. Ke2 Kg7 58. Kd2 Rc8 59. Kc3 Kh8 60.
Rh2 Rc7 61. g3 Rd7 62. Kxc4 Rd3 63. Rxa2 Rxe3 64. Rg2 Kxh7 65. Nc2 Rf3 66. Nd4
Rd3 67. g4 fxg4 68. Rxg4 Ra3 69. Rg2 e3 70. Nc2 Ra4+ 71. Kd3 Rxf4 72. Kxe3 Rf7
73. Nd4 Re7+ 74. Kf4 Kg7 75. Nc6 Rf7+ 76. Ke4 1/2-1/2

[Event "Dyfed Major"]
[Site "Fishguard"]
[Date "2017.02.26"]
[Round "4"]
[White "Holman, Sam"]
[Black "Taylor, Paul"]
[Result "0-1"]
[WhiteElo "1334"]
[BlackElo "1511"]
[PlyCount "58"]
[EventDate "2017.02.24"]
[EventCountry "WLS"]

1. e4 Nf6 2. Nc3 d5 3. e5 d4 4. exf6 dxc3 5. fxg7 cxd2+ 6. Bxd2 Bxg7 7. c3 Bf5
8. Nf3 Qd7 9. Qb3 Qe6+ 10. Qxe6 Bxe6 11. g3 Nd7 12. Bg2 O-O-O 13. Be3 b6 14.
Nd4 Bxd4 15. Bxd4 f6 16. a4 Ne5 17. O-O Bd5 18. f3 Nc4 19. Rfe1 e5 20. Bf2 Nxb2
21. a5 Nc4 22. axb6 axb6 23. f4 Bxg2 24. Kxg2 exf4 25. Re7 Kb7 26. Rf7 f3+ 27.
Kh3 Rd6 28. Bd4 Ne5 29. Re1 Nxf7 0-1

[Event "Dyfed Major"]
[Site "Fishguard"]
[Date "2017.02.26"]
[Round "4"]
[White "Baron, Margaret"]
[Black "Farhaili, Mohammed"]
[Result "0-1"]
[WhiteElo "850"]
[BlackElo "1275"]
[PlyCount "60"]
[EventDate "2017.02.24"]
[EventCountry "WLS"]

1. d4 Nf6 2. e3 d5 3. c4 e6 4. Ne2 c5 5. Nbc3 Nc6 6. g3 Be7 7. Bg2 O-O 8. O-O
cxd4 9. exd4 Qd7 10. a3 dxc4 11. b4 cxb3 12. Qxb3 Nxd4 13. Nf4 Nxb3 14. Rb1
Nxc1 15. Rbxc1 Bxa3 16. Rcd1 Qc7 17. Nb5 Qa5 18. Nd6 Bxd6 19. Rxd6 Rd8 20. Rdd1
Rb8 21. Rfe1 b6 22. Re3 Rxd1+ 23. Bf1 Ba6 24. Nd3 Rd8 25. Nb2 Bxf1 26. f4 Bh3+
27. Kf2 Ng4+ 28. Ke2 R8d2+ 29. Kf3 Rf1+ 30. Ke4 Qd5# 0-1

[Event "Dyfed Major"]
[Site "Fishguard"]
[Date "2017.02.26"]
[Round "4"]
[White "Cooke, Raymond"]
[Black "Eddershaw, John"]
[Result "0-1"]
[WhiteElo "1340"]
[BlackElo "1250"]
[PlyCount "62"]
[EventDate "2017.02.24"]
[EventCountry "WLS"]

1. d4 f5 2. Nf3 Nf6 3. Bg5 d5 4. Bxf6 exf6 5. a3 Bd6 6. e3 c6 7. c4 Be6 8. c5
Bc7 9. Bd3 Qe7 10. O-O O-O 11. Qc2 g6 12. Qb3 Kg7 13. Qxb7 Bxh2+ 14. Nxh2 Qxb7
15. b4 Nd7 16. Nd2 a5 17. f4 axb4 18. axb4 Qxb4 19. Rxa8 Rxa8 20. Nhf3 Qc3 21.
Kh2 Qxd3 22. Kh3 Qxe3 23. Kh4 Qxf4+ 24. Kh3 Qh6+ 25. Kg3 Qe3 26. Re1 f4+ 27.
Kh4 g5+ 28. Nxg5 Qxe1+ 29. Kh5 fxg5 30. Nf3 Qh1+ 31. Kxg5 Qh6# 0-1

[Event "Dyfed Major"]
[Site "Fishguard"]
[Date "2017.02.26"]
[Round "5"]
[White "O'Brien, Sam"]
[Black "Narayan-Taylor, Robert"]
[Result "1-0"]
[WhiteElo "1500"]
[BlackElo "1476"]
[PlyCount "127"]
[EventDate "2017.02.24"]
[EventCountry "WLS"]

1. e4 e5 2. Nf3 Nc6 3. Bc4 h6 4. d4 exd4 5. Nxd4 Ne5 6. Bb3 c5 7. Nf3 Nxf3+ 8.
Qxf3 Qf6 9. Qe2 Qc6 10. O-O Ne7 11. Nc3 a6 12. Nd5 b5 13. c4 Bb7 14. Bf4 O-O-O
15. cxb5 axb5 16. a4 b4 17. Rfc1 Ng6 18. Be3 Ba6 19. Bc4 Bxc4 20. Qxc4 Ne5 21.
Qe2 c4 22. a5 Kb7 23. Nb6 Qxe4 24. Nxc4 Nxc4 25. Rxc4 Qe6 26. Rac1 Bd6 27. a6+
Kb8 28. Qf3 Bxh2+ 29. Kxh2 d5 30. Qf4+ Ka8 31. Rxb4 Qd6 32. Qxd6 Rxd6 33. Rc7
Rxa6 34. Rxf7 g5 35. Rd7 Ra5 36. Bb6 Ra6 37. Rxd5 Re8 38. Be3 Rc8 39. Rbd4 Kb7
40. Rb5+ Ka8 41. b4 Rb8 42. Rxb8+ Kxb8 43. b5 Rg6 44. Rc4 Re6 45. Kg3 Re5 46.
b6 Re6 47. Rc7 Rg6 48. Rh7 Re6 49. Kg4 Re4+ 50. Kf5 Rb4 51. Rxh6 g4 52. Rh7 Rc4
53. Rg7 Rb4 54. Rxg4 Rb5+ 55. Ke6 Kb7 56. Rg7+ Kc8 57. Kd6 Rb1 58. Kc6 Kd8 59.
Bg5+ Ke8 60. Re7+ Kf8 61. Re5 Rb2 62. b7 Rc2+ 63. Rc5 Rb2 64. Kc7 1-0

[Event "Dyfed Major"]
[Site "Fishguard"]
[Date "2017.02.26"]
[Round "5"]
[White "Evans, Gwyn"]
[Black "Chong, Kimberly"]
[Result "1/2-1/2"]
[WhiteElo "1431"]
[BlackElo "1441"]
[PlyCount "68"]
[EventDate "2017.02.24"]
[EventCountry "WLS"]

1. c4 e5 2. Nc3 Nf6 3. e4 Bc5 4. d3 h6 5. g3 d6 6. Bg2 Nc6 7. Nge2 Ng4 8. O-O
Be6 9. h3 Nf6 10. Kh2 g5 11. f4 gxf4 12. gxf4 exf4 13. Nxf4 Nd4 14. Nxe6 fxe6
15. e5 dxe5 16. Bxb7 Rb8 17. Bg2 Nf5 18. Qe2 Nh4 19. Bc6+ Ke7 20. b3 e4 21.
Bxe4 Qd4 22. Bb2 Qe5+ 23. Kh1 Qg3 24. Bg2 Rhg8 25. Rxf6 Qe3 26. Qxe3 Bxe3 27.
Raf1 Rxg2 28. Ba3+ c5 29. Rf7+ Kd6 30. R7f6 Rbg8 31. Ne4+ Ke7 32. Bxc5+ Bxc5
33. Nxc5 R2g3 34. Rf7+ Kd8 1/2-1/2

[Event "Dyfed Major"]
[Site "Fishguard"]
[Date "2017.02.26"]
[Round "5"]
[White "Watkins, Peter"]
[Black "Eddershaw, John"]
[Result "1-0"]
[WhiteElo "1390"]
[BlackElo "1250"]
[PlyCount "120"]
[EventDate "2017.02.24"]
[EventCountry "WLS"]

1. e4 c5 2. Nf3 Nc6 3. d4 cxd4 4. Nxd4 Qc7 5. Nc3 a6 6. Be3 Nf6 7. Be2 d6 8.
O-O e6 9. Nxc6 Qxc6 10. Bf3 e5 11. Bg5 Be7 12. Bxf6 Bxf6 13. Nd5 Bg5 14. Qe2
Be6 15. Rfd1 Rc8 16. c3 O-O 17. Rd3 f5 18. Rad1 f4 19. Bg4 Rce8 20. Bxe6+ Rxe6
21. f3 Rf7 22. Kf1 Rh6 23. h3 Bh4 24. Qd2 Bg3 25. Nb4 Qb6 26. Nd5 Qc6 27. Nb4
Qc5 28. Rd5 Qc7 29. Nd3 Rff6 30. Nf2 Bxf2 31. Kxf2 g5 32. Qe2 Rhg6 33. Rh1 h5
34. Rdd1 Rf7 35. Rdg1 h4 36. Rd1 Qb6+ 37. Kf1 Rd7 38. Qd2 Kf8 39. Ke2 Ke7 40.
Rhe1 Rg8 41. Kf1 Rgd8 42. b3 d5 43. exd5 Rxd5 44. Qe2 Qe3 45. Qxe3 fxe3 46.
Rxd5 Rxd5 47. Rxe3 Kf6 48. Ke2 Kf5 49. Re4 b5 50. c4 bxc4 51. Rxc4 Ra5 52. a4
Rd5 53. b4 Rd4 54. Rxd4 exd4 55. b5 Kf4 56. b6 Kg3 57. b7 Kxg2 58. b8=Q Kxh3
59. Qc8+ Kh2 60. Qg4 d3+ 1-0

[Event "Dyfed Major"]
[Site "Fishguard"]
[Date "2017.02.26"]
[Round "5"]
[White "Cooke, Raymond"]
[Black "Baron, Margaret"]
[Result "1-0"]
[WhiteElo "1340"]
[BlackElo "850"]
[PlyCount "39"]
[EventDate "2017.02.24"]
[EventCountry "WLS"]

1. d4 e6 2. c4 d5 3. e3 c5 4. Nf3 Nf6 5. Ne5 Bd6 6. cxd5 exd5 7. Bb5+ Bd7 8.
Nxd7 Nbxd7 9. O-O a6 10. dxc5 axb5 11. cxd6 O-O 12. b4 Re8 13. Nc3 Re6 14. Nxb5
Ra6 15. Nc7 Qe8 16. Nxe8 Rxe8 17. Bb2 Ne4 18. Qxd5 Nb6 19. d7 Nxd5 20. dxe8=Q#
1-0

[Event "Dyfed Major"]
[Site "Fishguard"]
[Date "2017.02.26"]
[Round "5"]
[White "Taylor, Paul"]
[Black "Hammett, Scott"]
[Result "1-0"]
[WhiteElo "1511"]
[BlackElo "1443"]
[PlyCount "27"]
[EventDate "2017.02.24"]
[EventCountry "WLS"]

1. e4 e5 2. Nc3 f5 3. Nf3 d6 4. Bb5+ Nc6 5. O-O Nf6 6. Re1 Be6 7. d4 Bd7 8.
exf5 Ne7 9. dxe5 dxe5 10. Nxe5 c6 11. Bc4 Qc7 12. Nf7 Bxf5 13. Nd6+ Kd7 14.
Ndb5+ 1-0

[Event "Dyfed Major"]
[Site "Fishguard"]
[Date "2017.02.26"]
[Round "5"]
[White "Osinga, Awne"]
[Black "Holman, Sam"]
[Result "1-0"]
[WhiteElo "1386"]
[BlackElo "1334"]
[PlyCount "55"]
[EventDate "2017.02.24"]
[EventCountry "WLS"]

1. e4 c5 2. Nf3 d6 3. Bc4 e6 4. Nc3 Be7 5. O-O a6 6. a3 b5 7. Be2 Bb7 8. d3 Nf6
9. h3 O-O 10. Nh2 h6 11. Bf3 Re8 12. e5 Nd5 13. Nxd5 exd5 14. e6 fxe6 15. Bh5
Rf8 16. Qg4 Bg5 17. Qxe6+ Kh8 18. Re1 Bxc1 19. Raxc1 d4 20. Re2 Bxg2 21. Kxg2
Qg5+ 22. Ng4 Qxh5 23. Qxd6 Qf5 24. Rce1 h5 25. Ne5 Rf6 26. Qd5 Ra7 27. Qd8+ Rf8
28. Qxf8+ 1-0

[Event "Dyfed Major"]
[Site "Fishguard"]
[Date "2017.02.26"]
[Round "5"]
[White "Scott, Paul"]
[Black "White, Sam"]
[Result "1-0"]
[WhiteElo "1553"]
[BlackElo "1411"]
[PlyCount "35"]
[EventDate "2017.02.24"]
[EventCountry "WLS"]

1. Nf3 d5 2. c4 Bf5 3. e3 Nf6 4. Qb3 Bc8 5. Nc3 e6 6. d4 c6 7. Ne5 Nbd7 8. cxd5
exd5 9. f4 Qb6 10. Nxd7 Qxb3 11. Nxf6+ gxf6 12. axb3 Bf5 13. Kd2 Be4 14. Nxe4
dxe4 15. Kc2 f5 16. Bd2 h5 17. g3 h4 18. Bh3 1-0

[Event "Dyfed Major"]
[Site "Fishguard"]
[Date "2017.02.26"]
[Round "5"]
[White "Williams, Allan"]
[Black "Neave, Guto"]
[Result "0-1"]
[WhiteElo "1200"]
[BlackElo "1515"]
[PlyCount "60"]
[EventDate "2017.02.24"]
[EventCountry "WLS"]

1. d4 d5 2. e3 e6 3. c4 Nf6 4. Bd3 c5 5. Ne2 Nc6 6. dxc5 Bxc5 7. cxd5 Nxd5 8.
O-O b6 9. Bb5 Bb7 10. a3 O-O 11. b4 Bd6 12. Bb2 Qc7 13. h3 a6 14. Bxc6 Qxc6 15.
Nd4 Qd7 16. Qg4 Nf6 17. Qh4 Be5 18. f4 Qd5 19. Rf2 Bc7 20. Nc3 Qd7 21. Nf3 Rfe8
22. Ne2 Ne4 23. Qg4 f6 24. Rff1 Qf7 25. Ng3 f5 26. Qh4 Bd8 27. Ng5 Nxg5 28.
fxg5 Qg6 29. Ne2 Bxg5 30. Qf2 Bxe3 0-1